| 000 | 00736pam a22002534a 4500 | ||
|---|---|---|---|
| 008 | |||
| 020 | _a9780521612807 (pbk.) | ||
| 049 | _aMAIN | ||
| 090 |
_aHG4523 _bBAI |
||
| 100 | 1 | _aBailey, Roy E. | |
| 245 | 1 | 4 |
_aThe economics of financial markets / _cRoy E. Bailey. |
| 260 |
_aCambridge : _bCambridge University Press, _c2005. |
||
| 300 |
_axix, 528 p. : _bill. ; _c25 cm. |
||
| 500 | _aIncludes index. | ||
| 504 | _aIncludes bibliographical references. | ||
| 650 | 0 | _aCapital market. | |
| 650 | 0 | _aStock exchanges. | |
| 650 | 0 | _aFutures market. | |
| 907 |
_a.b10276944 _b18-06-10 _c13-05-10 |
||
| 003 | |||
| 005 | 20230123125021.0 | ||
| 040 | _cNUST | ||
| 942 |
_cBOOKS _kHG4523 _mBAI |
||
| 999 |
_c134263 _d134263 |
||